Medicina familiar y práctica ambulatoria / (Record no. 11069)
[ view plain ]
| 000 -LEADER | |
|---|---|
| fixed length control field | 00673nam a22002057a 4500 |
| 008 - FIXED-LENGTH DATA ELEMENTS--GENERAL INFORMATION | |
| fixed length control field | 250901b ||||| |||| 00| 0 spa d |
| 020 ## - INTERNATIONAL STANDARD BOOK NUMBER | |
| International Standard Book Number | 950-06-1861-3 |
| 040 ## - CATALOGING SOURCE | |
| Original cataloging agency | AR-FvUNAJ |
| Modifying agency | AR-FvUNAJ |
| Description conventions | aacr2 |
| 082 14 - DEWEY DECIMAL CLASSIFICATION NUMBER | |
| Edition number | 14 |
| Classification number | 616 |
| 100 1# - MAIN ENTRY--PERSONAL NAME | |
| 9 (RLIN) | 21873 |
| Personal name | Rubinstein, Adolfo |
| Relator term | dr. |
| 245 10 - TITLE STATEMENT | |
| Title | Medicina familiar y práctica ambulatoria / |
| Statement of responsibility, etc | Director Adolfo Rubinstein, |
| 260 ## - PUBLICATION, DISTRIBUTION, ETC. (IMPRINT) | |
| Place of publication, distribution, etc | Buenos Aires : |
| Name of publisher, distributor, etc | Medica Panamericana, |
| Date of publication, distribution, etc | 2001. |
| 300 ## - PHYSICAL DESCRIPTION | |
| Extent | 1570 p. |
| 650 #0 - SUBJECT ADDED ENTRY--TOPICAL TERM | |
| Source of heading or term | decs |
| 9 (RLIN) | 4144 |
| Topical term or geographic name as entry element | MEDICINA FAMILIAR Y COMUNITARIA |
| 700 1# - ADDED ENTRY--PERSONAL NAME | |
| 9 (RLIN) | 21874 |
| Personal name | Terrasa, Sergio |
| 700 1# - ADDED ENTRY--PERSONAL NAME | |
| 9 (RLIN) | 4185 |
| Personal name | Durante, Eduardo |
| 700 1# - ADDED ENTRY--PERSONAL NAME | |
| 9 (RLIN) | 21875 |
| Personal name | Rubinstein, Esteban |
| 700 1# - ADDED ENTRY--PERSONAL NAME | |
| 9 (RLIN) | 21876 |
| Personal name | Carrete, Paula |
| 942 ## - ADDED ENTRY ELEMENTS (KOHA) | |
| Source of classification or shelving scheme | Dewey Decimal Classification |
| Item type | Libro, folleto, traducción |
| 980 ## - EQUIVALENCE OR CROSS-REFERENCE-SERIES STATEMENT--PERSONAL NAME/TITLE [LOCAL, CANADA] | |
| Linkage | 2 |
| Personal name | Virginia Figueroa |
| Field link and sequence number | 2 |
| Miscellaneous information | Virginia Figueroa |
| Withdrawn status | Lost status | Source of classification or shelving scheme | Damaged status | Not for loan | Home library | Current library | Date acquired | Source of acquisition | Total Checkouts | Full call number | Barcode | Date last seen | Price effective from | Koha item type | Public note |
|---|---|---|---|---|---|---|---|---|---|---|---|---|---|---|---|
| Dewey Decimal Classification | Biblioteca Central | Biblioteca Central | 01/09/2025 | Donación | 616 RUB | UNAJ25090004 | 01/09/2025 | 01/09/2025 | Libro, folleto, traducción | escrito con lápiz y lapicera. |